[Event "49th Biel Master Open"]
[Site "Biel SUI"]
[Date "2016.07.26"]
[Round "2.2"]
[White "Safarli, Eltaj"]
[Black "Horvath, Adam1"]
[Result "1/2-1/2"]
[WhiteTitle "GM"]
[BlackTitle "GM"]
[WhiteElo "2678"]
[BlackElo "2498"]
[WhiteFideId "13402129"]
[BlackFideId "708003"]
[EventDate "2016.07.25"]

1. e4 c5 2. Nf3 e6 3. d4 cxd4 4. Nxd4 Nc6 5. Nc3 Qc7 6. g3 a6 7. Bg2 Nge7 8. a4
Nxd4 9. Qxd4 Nc6 10. Qc4 Be7 11. O-O O-O 12. Be3 Qa5 13. Rfd1 Ne5 14. Qb3 Bc5
15. Nd5 exd5 16. Rxd5 d6 17. Bxc5 dxc5 18. Rxe5 Be6 19. Qe3 Rac8 20. c3 Qc7 21.
Rh5 Rfd8 22. e5 Rd7 23. Be4 g6 24. Rh4 Qxe5 25. Bxg6 Qxe3 26. Bxh7+ Kg7 27. fxe3
Rd2 28. b4 cxb4 29. cxb4 Rb2 30. Bd3 Rc3 31. Rd4 Bh3 32. a5 Rg2+ 33. Kh1 Ra2 34.
Rg1 Raa3 35. Be4 Rc7 36. Bg2 Bxg2+ 37. Kxg2 Rxe3 38. Rf1 Re5 39. h4 Rce7 40.
Rff4 Re2+ 41. Kh3 b6 42. Rg4+ Kh7 43. Rd8 bxa5 44. bxa5 R2e5 45. Rgg8 f6 46.
Rh8+ Kg6 47. Rdg8+ Rg7 48. Rb8 Rxa5 49. Rb6 Ra3 50. Rb4 Kf5 51. Rf4+ Ke6 52. Rg4
Rxg4 53. Kxg4 f5+ 1/2-1/2

[Event "49th Biel Master Open"]
[Site "Biel SUI"]
[Date "2016.07.26"]
[Round "2.3"]
[White "Bellahcene, Bilel"]
[Black "Shankland, Samuel L"]
[Result "0-1"]
[WhiteTitle "IM"]
[BlackTitle "GM"]
[WhiteElo "2498"]
[BlackElo "2661"]
[WhiteFideId "696358"]
[BlackFideId "2004887"]
[EventDate "2016.07.25"]

1. d4 f5 2. g3 Nf6 3. Bg2 g6 4. c4 Bg7 5. Nc3 d6 6. Nf3 O-O 7. O-O c6 8. d5 e5
9. dxe6 Bxe6 10. b3 Na6 11. Bb2 Qe7 12. Ng5 Bd7 13. Qd2 Rad8 14. Rad1 Bc8 15.
Rfe1 Nc5 16. Qc2 Ng4 17. Nh3 f4 18. Nxf4 Rxf4 19. gxf4 Qh4 20. e3 Qxh2+ 21. Kf1
Nh6 22. b4 Na6 23. Ne4 Nxb4 24. Qb3 Nf5 25. Bf6 Re8 26. Rxd6 c5 27. Rd8 Rxd8 28.
Bxd8 b6 29. Qa4 Kf8 30. Qxa7 Be6 31. Nd6 Kg8 32. Qa8 Nxd6 33. Bxb6+ Bf8 34. Bxc5
Bxc4+ 0-1

[Event "49th Biel Master Open"]
[Site "Biel SUI"]
[Date "2016.07.26"]
[Round "2.4"]
[White "Saric, Ivan"]
[Black "Riff, Jean-Noel"]
[Result "1-0"]
[WhiteTitle "GM"]
[BlackTitle "GM"]
[WhiteElo "2660"]
[BlackElo "2494"]
[WhiteFideId "14508150"]
[BlackFideId "611190"]
[EventDate "2016.07.25"]

1. e4 c5 2. Nf3 d6 3. d4 cxd4 4. Nxd4 Nf6 5. Nc3 a6 6. Be3 e6 7. f3 Be7 8. Qd2
h5 9. a4 Nc6 10. Be2 Bd7 11. O-O Nxd4 12. Bxd4 Bc6 13. a5 h4 14. Rfd1 h3 15. g3
Kf8 16. Na4 Nd7 17. Nb6 Nxb6 18. axb6 e5 19. Be3 g6 20. c4 Kg7 21. b4 Qd7 22.
Bg5 f6 23. Be3 Qe6 24. b5 axb5 25. cxb5 Rxa1 26. Rxa1 Bd7 27. Rc1 Rc8 28. Rc7
Rxc7 29. bxc7 Qb3 30. Kf2 Qb1 31. Bh6+ Kh7 32. Qc1 Qxc1 33. Bxc1 f5 34. Bf1 fxe4
35. Bxh3 1-0

[Event "49th Biel Master Open"]
[Site "Biel SUI"]
[Date "2016.07.26"]
[Round "2.5"]
[White "Stany, G.A."]
[Black "Meier, Georg"]
[Result "1/2-1/2"]
[WhiteTitle "IM"]
[BlackTitle "GM"]
[WhiteElo "2476"]
[BlackElo "2657"]
[WhiteFideId "5029104"]
[BlackFideId "4675789"]
[EventDate "2016.07.25"]

1. e4 e6 2. d4 d5 3. Nd2 dxe4 4. Nxe4 Nd7 5. Bd3 Ngf6 6. Qe2 c5 7. Nxf6+ Nxf6 8.
dxc5 Bxc5 9. Bd2 O-O 10. O-O-O e5 11. Bc3 Qb6 12. Qxe5 Bxf2 13. Nf3 Bg4 14. Kb1
Rfe8 15. Qf4 Be3 16. Qa4 Bh5 17. Rhe1 Rac8 18. Ba5 Qc5 19. Bb4 Qc7 20. Bc3 Qb6
21. Ba5 Qc5 22. Bb4 Qc7 23. Bc3 Qb6 1/2-1/2

[Event "49th Biel Master Open"]
[Site "Biel SUI"]
[Date "2016.07.26"]
[Round "2.6"]
[White "Swayams, Mishra"]
[Black "Bachmann, Axel"]
[Result "0-1"]
[WhiteTitle "IM"]
[BlackTitle "GM"]
[WhiteElo "2457"]
[BlackElo "2649"]
[WhiteFideId "5028183"]
[BlackFideId "3700488"]
[EventDate "2016.07.25"]

1. d4 Nf6 2. c4 d6 3. Nf3 Nbd7 4. Nc3 e5 5. e4 g6 6. Be2 Bg7 7. d5 O-O 8. Be3
Ng4 9. Bg5 f6 10. Bd2 a5 11. h3 Nh6 12. g4 Nc5 13. Be3 f5 14. gxf5 gxf5 15. Qd2
fxe4 16. Bxh6 exf3 17. Rg1 Rf7 18. Bxf3 Qh4 19. O-O-O Bf5 20. Be2 Bg6 21. Be3
Raf8 22. Rdf1 Ne4 23. Nxe4 Qxe4 24. Rxg6 hxg6 25. Bd3 Qh4 26. Rg1 Rxf2 27. Bxf2
Rxf2 28. Qe3 e4 29. Bc2 Qf6 30. Qxe4 Bh6+ 31. Kb1 Rf1+ 0-1

[Event "49th Biel Master Open"]
[Site "Biel SUI"]
[Date "2016.07.26"]
[Round "2.7"]
[White "Bartel, Mateusz"]
[Black "Liang, Awonder"]
[Result "1-0"]
[WhiteTitle "GM"]
[BlackTitle "IM"]
[WhiteElo "2649"]
[BlackElo "2430"]
[WhiteFideId "1112635"]
[BlackFideId "2056437"]
[EventDate "2016.07.25"]

1. e4 c5 2. Nf3 d6 3. d4 cxd4 4. Nxd4 Nf6 5. Nc3 a6 6. g3 e5 7. Nde2 Be7 8. Bg2
b5 9. Nd5 Nbd7 10. Nec3 Nxd5 11. Nxd5 Nf6 12. Nxe7 Qxe7 13. Bg5 Bb7 14. a4 O-O
15. O-O h6 16. Bxf6 Qxf6 17. axb5 axb5 18. Qd3 Qg6 19. Rxa8 Rxa8 20. Rd1 Bc6 21.
c4 bxc4 22. Qxc4 Qg4 23. Rc1 Rc8 24. Qb4 Ba8 25. Ra1 d5 26. Qe7 dxe4 27. Qxe5
Bb7 28. b4 Bc6 29. Rc1 Rd8 30. Bf1 Rd1 31. Rxd1 Qxd1 32. b5 Bd5 33. h4 g6 34.
Qd6 e3 35. fxe3 Qf3 36. Qf4 Qh1+ 37. Kf2 Qh2+ 38. Ke1 h5 39. e4 Be6 40. Qf2
Qxf2+ 41. Kxf2 Kf8 42. b6 Bc8 43. Bc4 1-0

[Event "49th Biel Master Open"]
[Site "Biel SUI"]
[Date "2016.07.26"]
[Round "2.8"]
[White "Nezad, Husein Aziz"]
[Black "Edouard, Romain"]
[Result "1/2-1/2"]
[WhiteTitle "IM"]
[BlackTitle "GM"]
[WhiteElo "2419"]
[BlackElo "2639"]
[WhiteFideId "12100293"]
[BlackFideId "633429"]
[EventDate "2016.07.25"]

1. d4 e6 2. c4 Bb4+ 3. Bd2 a5 4. Nc3 d6 5. e3 e5 6. Bd3 f5 7. Nge2 Nf6 8. O-O
O-O 9. a3 Bxc3 10. Bxc3 Qe8 11. b4 Kh8 12. dxe5 dxe5 13. Qb1 e4 14. Bc2 Be6 15.
Bb3 Qf7 16. Nf4 Bxc4 17. Bxc4 Qxc4 18. Rc1 Qf7 19. Bxf6 Qxf6 20. Nd5 Qe5 21.
Nxc7 Ra7 22. Rc5 Qe7 23. Nb5 axb4 24. axb4 Rxa1 25. Qxa1 Nc6 26. Nd4 Nxd4 27.
Qxd4 Rd8 28. Rd5 Rxd5 29. Qxd5 g6 30. Qd4+ Kg8 1/2-1/2

[Event "49th Biel Master Open"]
[Site "Biel SUI"]
[Date "2016.07.26"]
[Round "2.9"]
[White "Sasikiran, Krishnan"]
[Black "Galdunts, Sergey"]
[Result "1-0"]
[WhiteTitle "GM"]
[BlackTitle "GM"]
[WhiteElo "2639"]
[BlackElo "2415"]
[WhiteFideId "5004985"]
[BlackFideId "13300067"]
[EventDate "2016.07.25"]

1. e4 e5 2. Nf3 Nc6 3. Bb5 a6 4. Ba4 Nf6 5. O-O Be7 6. Re1 b5 7. Bb3 d6 8. c3
O-O 9. h3 Na5 10. Bc2 c5 11. d4 Qc7 12. Nbd2 cxd4 13. cxd4 Nc6 14. Nb3 a5 15.
Be3 a4 16. Nbd2 Bd7 17. Rc1 Qb7 18. Nf1 Rfe8 19. Ng3 g6 20. Bg5 exd4 21. Qd2 Ne5
22. Nxd4 Rac8 23. Rcd1 Rc5 24. Qf4 Kg7 25. Bb1 Qb6 26. Ndf5+ Bxf5 27. exf5 Rc4
28. Qd2 Bd8 29. b3 axb3 30. axb3 Rc8 31. Bh6+ Kg8 32. Be3 Qa6 33. Qxd6 Rc6 34.
Qxd8 Rxd8 35. Rxd8+ Kg7 36. Red1 Qa5 37. Ne4 Ned7 38. Nxf6 Qxd8 39. Nxd7 f6 40.
fxg6 Rc7 41. Bf5 hxg6 42. Bg4 f5 43. Bd4+ Kf7 44. Ne5+ Ke6 45. Bf3 Qe8 46. Nd3
Kf7 47. b4 Kg8 48. Nc5 Qc8 49. Bf6 Ra7 50. g3 1-0

[Event "49th Biel Master Open"]
[Site "Biel SUI"]
[Date "2016.07.26"]
[Round "2.10"]
[White "Nitin, S."]
[Black "Balogh, Csaba"]
[Result "0-1"]
[WhiteTitle "IM"]
[BlackTitle "GM"]
[WhiteElo "2398"]
[BlackElo "2635"]
[WhiteFideId "5018277"]
[BlackFideId "718939"]
[EventDate "2016.07.25"]

1. e4 e5 2. Nf3 Nc6 3. Nc3 Nf6 4. Bb5 Bb4 5. O-O O-O 6. d3 Bxc3 7. bxc3 d6 8.
Bg5 Bd7 9. Nd2 h6 10. Bh4 a6 11. Ba4 Kh7 12. Re1 Ne7 13. Bxd7 Nxd7 14. d4 f6 15.
Nc4 b5 16. Ne3 Nb6 17. Bg3 Ng6 18. h4 Qe8 19. h5 Ne7 20. f4 exd4 21. cxd4 f5 22.
exf5 Qf7 23. Bh2 Nxf5 24. Qd3 Kg8 25. Nxf5 Qxf5 26. Qxf5 Rxf5 27. g4 Rd5 28. c3
b4 29. cxb4 Rxd4 30. a3 Nd5 31. Rac1 Rf8 32. Re6 Rf7 33. Rc6 Nxf4 34. Re8+ Kh7
35. Rxa6 Rd1+ 36. Kf2 Rd2+ 37. Ke1 Rxh2 38. Raa8 Nd3+ 0-1

[Event "49th Biel Master Open"]
[Site "Biel SUI"]
[Date "2016.07.26"]
[Round "2.11"]
[White "Khairullin, Ildar"]
[Black "Cebalo, Miso"]
[Result "1-0"]
[WhiteTitle "GM"]
[BlackTitle "GM"]
[WhiteElo "2629"]
[BlackElo "2392"]
[WhiteFideId "4151348"]
[BlackFideId "14500094"]
[EventDate "2016.07.25"]

1. d4 Nf6 2. c4 g6 3. Nc3 Bg7 4. e4 d6 5. Nf3 O-O 6. Be2 c5 7. d5 e6 8. Nd2 a6
9. a4 Re8 10. O-O Nbd7 11. dxe6 Rxe6 12. Re1 b6 13. Nf1 Bb7 14. f3 Ne5 15. Bg5
h6 16. Bh4 Nc6 17. Ne3 Nd4 18. Nc2 g5 19. Bf2 Nxc2 20. Qxc2 Nd7 21. Rab1 Ne5 22.
b4 Nc6 23. bxc5 dxc5 24. Nd5 Nd4 25. Qd3 Be5 26. Bf1 Rb8 27. Qa3 Nc2 28. Qb3
Nxe1 29. Rxe1 Bc6 30. g3 Bg7 31. f4 Rd6 32. Qa3 Bxd5 33. cxd5 Qe7 34. Rb1 Ra8
35. a5 Qf6 36. Rd1 Rb8 37. Kg2 gxf4 38. gxf4 Qxf4 1-0

[Event "49th Biel Master Open"]
[Site "Biel SUI"]
[Date "2016.07.26"]
[Round "2.12"]
[White "Baklan, Vladimir"]
[Black "Haimovich, Tal"]
[Result "1/2-1/2"]
[WhiteTitle "GM"]
[BlackTitle "IM"]
[WhiteElo "2618"]
[BlackElo "2383"]
[WhiteFideId "14102196"]
[BlackFideId "2801698"]
[EventDate "2016.07.25"]

1. e4 e6 2. d4 d5 3. Nd2 c5 4. Ngf3 Nc6 5. exd5 exd5 6. Bb5 Qe7+ 7. Be2 Qc7 8.
O-O Nf6 9. Re1 Be6 10. dxc5 Bxc5 11. Nb3 Bb6 12. Nbd4 O-O 13. c3 a6 14. Bg5 Ne4
15. Be3 Rad8 16. Qa4 Bg4 17. Rad1 Bxf3 18. Bxf3 Ne5 19. Be2 Nc4 20. Bc1 Rfe8 21.
Qc2 Ne5 22. Bf4 Qc8 23. h3 h6 24. Bf1 Bc7 25. f3 Nf6 26. Bh2 Nc6 27. Rxe8+ Rxe8
28. Bxc7 Qxc7 29. Qf2 Nxd4 30. Rxd4 Qa5 31. a3 Qc7 32. g3 Re6 33. Kg2 Qe7 34.
Rd2 Re5 35. Bd3 Nh5 36. Re2 g6 37. f4 Re6 38. Rxe6 Qxe6 39. f5 Qd6 40. fxg6 fxg6
41. Qe3 Kg7 42. Qd4+ Kf7 43. Qg4 Kg7 44. h4 Kf7 45. a4 a5 46. b4 b6 47. Kf2 Kg7
48. Qd4+ Kf7 49. Qg4 Kg7 50. bxa5 bxa5 51. Qd4+ Kf7 52. Qa7+ Kf6 53. Qe3 Kf7 54.
Be2 Nf6 55. Bf3 Qc7 56. Qd4 Ke6 57. Qe3+ Kf7 58. Qd4 Ke6 59. Kg2 Ke7 60. g4 g5
61. hxg5 hxg5 62. Bxd5 Nxd5 63. Qxd5 Qxc3 64. Qxg5+ Kf7 65. Qd5+ Kg6 66. Qf5+
Kg7 67. Qe4 Kh6 68. Kf2 Kg7 69. Ke2 Qb2+ 70. Kf3 Qc3+ 71. Kf4 Qf6+ 72. Kg3 Qd6+
73. Kf3 Qf6+ 74. Ke3 Qc3+ 75. Qd3 Qe5+ 76. Qe4 Qc3+ 77. Kf4 Qf6+ 78. Kg3 Qd6+
79. Qf4 Qd3+ 80. Kh4 Qh7+ 81. Kg3 Qd3+ 82. Qf3 Qd6+ 83. Kg2 Qd2+ 84. Qf2 Qd5+
85. Kh2 Qd6+ 86. Kh3 Qd3+ 87. Kh4 Qh7+ 88. Kg3 Qd3+ 89. Qf3 Qd6+ 90. Qf4 Qd3+
91. Kf2 Qc2+ 92. Kg1 Qd1+ 93. Kh2 Qc2+ 94. Kh3 Qd3+ 95. Kg2 Qe2+ 96. Kg3 1/2-1/2

[Event "49th Biel Master Open"]
[Site "Biel SUI"]
[Date "2016.07.26"]
[Round "2.13"]
[White "Gaehwiler, Gabriel"]
[Black "Jumabayev, Rinat"]
[Result "1-0"]
[WhiteTitle "FM"]
[BlackTitle "GM"]
[WhiteElo "2392"]
[BlackElo "2613"]
[WhiteFideId "1314530"]
[BlackFideId "13702661"]
[EventDate "2016.07.25"]

1. e4 c5 2. Nf3 d6 3. d4 cxd4 4. Nxd4 Nf6 5. Nc3 a6 6. Bg5 Nbd7 7. f4 Qc7 8. Qf3
h6 9. Bxf6 Nxf6 10. f5 Rg8 11. O-O-O g5 12. e5 g4 13. Qe3 dxe5 14. Ndb5 axb5 15.
Nxb5 Qc6 16. Qxe5 Bg7 17. Nc7+ Kf8 18. Nxa8 Ne8 19. Qb5 Qxb5 20. Bxb5 Nd6 21.
Nb6 Bxf5 22. Nc4 Bxb2+ 23. Kxb2 Nxb5 24. Rd5 Be6 25. Rxb5 Bxc4 26. Rxb7 Kg7 27.
Rxe7 Rb8+ 28. Kc3 Bxa2 29. Rhe1 Rc8+ 30. Kb2 Bd5 31. g3 Kf6 32. Re8 Rc6 33. Rh8
Kg7 34. Rd8 Be6 35. Rd4 h5 36. Rc1 Rb6+ 37. Kc3 Rb8 38. Rb4 Ra8 39. Re1 Ra3+ 40.
Kb2 Ra2+ 41. Kb1 Ra5 42. c4 h4 43. Kb2 Kf6 44. Rb5 Ra8 45. Rf1+ Ke7 46. Kb3 hxg3
47. hxg3 Kd6 48. Rd1+ Kc6 49. Kb4 Ra2 50. Rc5+ Kb7 51. Rb5+ Kc6 52. Rc5+ Kb7 53.
Rd3 Rf2 54. Rb5+ Kc6 55. Rc5+ Kb7 56. Kc3 Bf5 57. Rd2 Rf3+ 58. Kd4 Bd7 59. Rb2+
Ka6 60. Ra2+ Kb6 61. Rb2+ Ka6 62. Rc7 Be6 63. Kc5 Rf5+ 64. Kc6 1-0

[Event "49th Biel Master Open"]
[Site "Biel SUI"]
[Date "2016.07.26"]
[Round "2.14"]
[White "Perske, Thore"]
[Black "Kunin, Vitaly"]
[Result "0-1"]
[WhiteTitle "FM"]
[BlackTitle "GM"]
[WhiteElo "2383"]
[BlackElo "2592"]
[WhiteFideId "12902195"]
[BlackFideId "4128737"]
[EventDate "2016.07.25"]

1. e4 d6 2. d4 Nf6 3. Nc3 e5 4. dxe5 dxe5 5. Qxd8+ Kxd8 6. Bc4 Ke8 7. Nf3 Bd6 8.
Be3 a6 9. Bb3 Nbd7 10. Nd2 Nc5 11. f3 b5 12. a4 Nxb3 13. Nxb3 b4 14. Nb1 Be6 15.
Nc5 Bxc5 16. Bxc5 a5 17. Nd2 Nd7 18. Be3 c5 19. c4 bxc3 20. bxc3 Ke7 21. Ke2
Rhb8 22. Rhb1 c4 23. Rb5 Rxb5 24. axb5 a4 25. Nb1 f5 26. exf5 Bxf5 27. Na3 Bd3+
28. Kd2 Kd6 29. Re1 g5 30. Bxg5 Rg8 31. f4 h6 32. fxe5+ Ke6 33. Bf4 Rxg2+ 34.
Ke3 Ra2 35. Nxc4 Bxc4 36. Kd4 Bxb5 37. c4 Bc6 38. Bxh6 Rxh2 39. Bc1 Rh4+ 40. Kc3
Nb6 41. c5 Rc4+ 42. Kb2 Rxc5 43. Ka1 Rc2 44. Kb1 Rg2 45. Rd1 Be4+ 46. Ka1 Nc4
47. Re1 Kxe5 48. Rd1 Re2 49. Rg1 Kd4 50. Rf1 Kc3 51. Rg1 Na5 52. Bb2+ Rxb2 53.
Rg3+ Bd3 54. Rxd3+ Kxd3 55. Kxb2 Kc4 0-1

[Event "49th Biel Master Open"]
[Site "Biel SUI"]
[Date "2016.07.26"]
[Round "2.15"]
[White "Kambrath, Yannick"]
[Black "Donchenko, Alexander"]
[Result "1/2-1/2"]
[WhiteTitle "FM"]
[BlackTitle "GM"]
[WhiteElo "2376"]
[BlackElo "2583"]
[WhiteFideId "20632525"]
[BlackFideId "24603295"]
[EventDate "2016.07.25"]

1. d4 Nf6 2. c4 e6 3. Nf3 Bb4+ 4. Nbd2 O-O 5. a3 Be7 6. e3 d5 7. Bd3 b6 8. O-O
Bb7 9. b4 a5 10. b5 Nbd7 11. Bb2 Ne4 12. Qc2 f5 13. cxd5 exd5 14. Ne5 Bd6 15. f3
Nxd2 16. Qxd2 Qe8 17. f4 Bc8 18. Qc2 Nf6 19. a4 Ne4 20. Qc6 Qxc6 21. Nxc6 Kf7 1/2-1/2

[Event "49th Biel Master Open"]
[Site "Biel SUI"]
[Date "2016.07.26"]
[Round "2.16"]
[White "Siva, Mahadevan"]
[Black "Kovchan, Alexander"]
[Result "0-1"]
[WhiteTitle "IM"]
[BlackTitle "GM"]
[WhiteElo "2352"]
[BlackElo "2576"]
[WhiteFideId "25043153"]
[BlackFideId "14103052"]
[EventDate "2016.07.25"]

1. d4 Nf6 2. c4 g6 3. Nc3 d5 4. cxd5 Nxd5 5. e4 Nxc3 6. bxc3 Bg7 7. Nf3 c5 8.
Rb1 O-O 9. Be2 Qa5 10. Rb5 Qxc3+ 11. Bd2 Qa3 12. Qc2 cxd4 13. Bb4 Qa6 14. Bxe7
Re8 15. Rc5 Qe6 16. Bh4 Na6 17. Ng5 Qd6 18. Qc4 Be6 19. Nxe6 Nxc5 20. Nxc5 Rac8
21. Nxb7 Qf4 22. Bg3 Qxe4 23. Qxf7+ Kxf7 24. Nd6+ Kg8 25. Nxe4 Rxe4 26. Kd2 Rc3
27. Rb1 Bh6+ 28. Kd1 d3 29. Bf3 Rc1+ 30. Rxc1 Re1+ 31. Kxe1 d2+ 0-1

[Event "49th Biel Master Open"]
[Site "Biel SUI"]
[Date "2016.07.26"]
[Round "2.17"]
[White "Gozzoli, Yannick"]
[Black "Colmenares, Aurelio"]
[Result "1-0"]
[WhiteTitle "GM"]
[BlackTitle "FM"]
[WhiteElo "2571"]
[BlackElo "2350"]
[WhiteFideId "616915"]
[BlackFideId "1308629"]
[EventDate "2016.07.25"]

1. e4 e5 2. Nf3 Nc6 3. Bb5 a6 4. Ba4 Nf6 5. d3 b5 6. Bb3 Bc5 7. Nc3 d6 8. Nd5 h6
9. c3 Be6 10. O-O Bxd5 11. exd5 Ne7 12. d4 exd4 13. Nxd4 Qd7 14. Qd3 O-O 15. Bd2
Bxd4 16. Qxd4 Qf5 17. Rad1 Nexd5 18. g4 Qf3 19. Bxh6 c6 20. Rd3 Qxg4+ 21. Qxg4
Nxg4 22. Bxd5 cxd5 23. Bxg7 Kxg7 24. Rg3 f5 25. f3 d4 26. cxd4 Rae8 27. fxg4 f4
28. Rd3 Re4 29. Kf2 Rc8 30. h4 Rc2+ 31. Kf3 d5 32. Rf2 Rc1 33. Kg2 Rc4 34. b3
Rcxd4 35. Rxd4 Rxd4 36. Kf3 a5 37. Rc2 Kf6 38. Rc8 b4 39. g5+ Kf5 40. Rf8+ Ke5
41. g6 Rd3+ 42. Kf2 1-0

[Event "49th Biel Master Open"]
[Site "Biel SUI"]
[Date "2016.07.26"]
[Round "2.18"]
[White "Baenziger, Fabian"]
[Black "Kraemer, Martin"]
[Result "0-1"]
[WhiteTitle "FM"]
[BlackTitle "GM"]
[WhiteElo "2318"]
[BlackElo "2567"]
[WhiteFideId "1330110"]
[BlackFideId "4671910"]
[EventDate "2016.07.25"]

1. d4 d5 2. c4 e6 3. Nf3 c6 4. e3 Nf6 5. b3 Ne4 6. Bd3 Qa5+ 7. Nfd2 f5 8. O-O
Bd6 9. Bxe4 dxe4 10. c5 Be7 11. Nc4 Qd8 12. Qh5+ g6 13. Qh6 Bf8 14. Qh3 b5 15.
cxb6 axb6 16. Bb2 Bg7 17. Ba3 c5 18. Nc3 Ba6 19. Nxb6 Qxb6 20. Bxc5 Qb7 21. Rfc1
Nd7 22. Bd6 Kf7 23. b4 Bd3 24. a4 Rhc8 25. b5 Qb6 26. Bb4 Rc4 27. a5 Qb8 28. d5
Rxb4 29. dxe6+ Kxe6 30. Qxh7 Kf7 0-1

[Event "49th Biel Master Open"]
[Site "Biel SUI"]
[Date "2016.07.26"]
[Round "2.19"]
[White "Baron, Tal"]
[Black "Teh, Eu Wen Aron"]
[Result "1-0"]
[WhiteTitle "GM"]
[BlackTitle "FM"]
[WhiteElo "2557"]
[BlackElo "2328"]
[WhiteFideId "2809958"]
[BlackFideId "5704723"]
[EventDate "2016.07.25"]

1. d4 Nf6 2. c4 e6 3. Nc3 Bb4 4. f3 d5 5. a3 Bxc3+ 6. bxc3 c5 7. cxd5 Nxd5 8.
dxc5 f5 9. e4 fxe4 10. Qc2 e3 11. Bd3 Nd7 12. c6 bxc6 13. Ne2 Nc5 14. O-O Nxd3
15. Qxd3 O-O 16. Re1 Qf6 17. Bxe3 Ba6 18. Qxa6 Nxe3 19. Qd3 Nd5 20. c4 Nb6 21.
Qe4 Rad8 22. c5 Nd5 23. Nd4 Nf4 24. Nxe6 Rd2 25. Kh1 Nxe6 26. Qxe6+ Qxe6 27.
Rxe6 Rb8 28. Rxc6 Rbb2 29. Rc8+ Kf7 30. Rc7+ Kf6 31. Rg1 Rdc2 32. Rxa7 Rxc5 33.
Ra4 h5 34. h4 Rcc2 35. Kh2 Ra2 36. Kh3 Rc3 37. Ra6+ Kf7 38. Rb1 Raxa3 39. Rb7+
Kf8 40. Rg6 Rc4 41. Rgxg7 Raa4 42. Kg3 1-0

[Event "49th Biel Master Open"]
[Site "Biel SUI"]
[Date "2016.07.26"]
[Round "2.20"]
[White "Emiroglu, Cankut"]
[Black "Aravindh, Chithambaram VR."]
[Result "0-1"]
[WhiteTitle "FM"]
[BlackTitle "GM"]
[WhiteElo "2307"]
[BlackElo "2543"]
[WhiteFideId "6306659"]
[BlackFideId "5072786"]
[EventDate "2016.07.25"]

1. e4 c5 2. Nf3 Nc6 3. Bb5 e6 4. Bxc6 bxc6 5. Nc3 f6 6. d3 Ne7 7. Be3 Ng6 8. h4
h5 9. Na4 d6 10. Qd2 e5 11. b4 cxb4 12. Qxb4 Bg4 13. Nd2 Be7 14. g3 O-O 15. Rb1
Be6 16. a3 Rf7 17. Qc3 Bf8 18. Rb2 c5 19. Ke2 f5 20. exf5 Bxf5 21. Qb3 Qc8 22.
Nc3 Be6 23. Nd5 Ne7 24. Nxe7+ Bxe7 25. c4 Bd7 26. Rhb1 Bf8 27. Ne4 Bc6 28. Kd2
Qf5 29. Ng5 Rd7 30. Qc3 Rdd8 31. Qa5 d5 32. cxd5 Bxd5 33. Ke1 Be7 34. Qa6 Bxg5
35. Bxg5 Re8 36. Be3 e4 37. Rd1 Re6 38. dxe4 Bxe4 39. Rd6 Rae8 40. Rxe6 Rxe6 41.
Qc8+ Kh7 42. Qxc5 Qf3 43. Rb5 Bg6 44. Qd4 Re4 45. Qc3 Re7 46. Rb4 a5 47. Rc4 Rd7
48. Rd4 Rb7 49. Rd1 Bf5 50. Bd4 Re7+ 51. Kd2 Qe2+ 52. Kc1 Rb7 0-1

[Event "49th Biel Master Open"]
[Site "Biel SUI"]
[Date "2016.07.27"]
[Round "3.1"]
[White "Shankland, Samuel L"]
[Black "Gozzoli, Yannick"]
[Result "1-0"]
[WhiteTitle "GM"]
[BlackTitle "GM"]
[WhiteElo "2661"]
[BlackElo "2571"]
[WhiteFideId "2004887"]
[BlackFideId "616915"]
[EventDate "2016.07.25"]

1. d4 d5 2. c4 c6 3. Nf3 Nf6 4. Nc3 e6 5. e3 Nbd7 6. Bd3 dxc4 7. Bxc4 b5 8. Bd3
a6 9. e4 c5 10. e5 cxd4 11. Nxb5 Ng4 12. Nbxd4 Bb7 13. Qa4 Qb6 14. O-O Bc5 15.
h3 Bxf3 16. hxg4 Bd5 17. Nf3 h5 18. g5 O-O 19. Be4 Bxe4 20. Qxe4 g6 21. b3 Rfd8
22. Bd2 a5 23. Rac1 Rac8 24. Rc4 Qa7 25. Qc2 Rc7 26. Be3 Rdc8 27. Rc1 Qa6 28.
Rd1 Nb6 29. Rxc5 Rxc5 30. Bxc5 Qb5 31. a4 Rxc5 32. axb5 Rxc2 33. Rd6 Nd5 34. b6
Rc8 35. Nd2 1-0

[Event "49th Biel Master Open"]
[Site "Biel SUI"]
[Date "2016.07.27"]
[Round "3.2"]
[White "Kovchan, Alexander"]
[Black "Saric, Ivan"]
[Result "1-0"]
[WhiteTitle "GM"]
[BlackTitle "GM"]
[WhiteElo "2576"]
[BlackElo "2660"]
[WhiteFideId "14103052"]
[BlackFideId "14508150"]
[EventDate "2016.07.25"]

1. e4 c5 2. Nf3 d6 3. d4 cxd4 4. Nxd4 Nf6 5. Nc3 a6 6. Be2 e5 7. Nb3 Be7 8. O-O
O-O 9. Be3 Be6 10. Qd2 Nbd7 11. a4 Rc8 12. a5 Qc7 13. Rfd1 Rfe8 14. Qe1 Qc6 15.
Bf3 Ng4 16. Ba7 Ra8 17. h3 Nh2 18. Kxh2 Rxa7 19. Nd5 Bxd5 20. Rxd5 Qxc2 21. Qe3
Raa8 22. Rc1 Qxb2 23. Rc7 Nf6 24. Rd2 Qa3 25. Rxb7 Rab8 26. Qa7 Rxb7 27. Qxb7 d5
28. Rc2 Bb4 29. Rc7 Qxb3 30. Rxf7 dxe4 31. Rxg7+ Kh8 32. Bxe4 1-0

[Event "49th Biel Master Open"]
[Site "Biel SUI"]
[Date "2016.07.27"]
[Round "3.5"]
[White "Aravindh, Chithambaram VR."]
[Black "Sasikiran, Krishnan"]
[Result "1-0"]
[WhiteTitle "GM"]
[BlackTitle "GM"]
[WhiteElo "2543"]
[BlackElo "2639"]
[WhiteFideId "5072786"]
[BlackFideId "5004985"]
[EventDate "2016.07.25"]

1. e4 c5 2. Nf3 d6 3. d4 cxd4 4. Nxd4 Nf6 5. Nc3 e6 6. g4 a6 7. g5 Nfd7 8. a4
Nc6 9. Bg2 Nde5 10. f4 Nxd4 11. Qxd4 Nc6 12. Qf2 h6 13. h4 hxg5 14. hxg5 Rxh1+
15. Bxh1 Rb8 16. Be3 b6 17. O-O-O Qc7 18. e5 Nb4 19. exd6 Bxd6 20. Ne4 Bf8 21.
Bd4 Nc6 22. Bc3 Bb7 23. g6 Rd8 24. Re1 Nb4 25. gxf7+ Kxf7 26. Ng5+ Kg8 27. Qh4
Na2+ 28. Kb1 Nxc3+ 29. bxc3 g6 30. Bxb7 Qxb7 31. Rh1 1-0